| 000 | 01041nam a2200277 i 4500 | ||
|---|---|---|---|
| 003 | OSt | ||
| 005 | 20241113153216.0 | ||
| 008 | 241113t20142014nyuo er 000 0deng d | ||
| 020 |
_a9781615646487 _cRM21.20 _qpaperback |
||
| 040 |
_aPPAK _beng _cPPAK _drda |
||
| 082 | 0 | 4 |
_223 _a640 |
| 090 | 0 | 0 |
_a640 _bALD _dG |
| 100 | 1 |
_aAldred, Cyndy, _eauthor. |
|
| 245 | 1 | 0 |
_aOrganizing Your Life / _cby Cyndy Aldred |
| 264 | 1 |
_aNew York : _bAlpha Books, _c2014 |
|
| 264 | 4 | _c©2014 | |
| 300 | 1 |
_ax, 278 pages : _bcolor photographs ; _c24 cm |
|
| 336 |
_atext _2rdacontent |
||
| 337 |
_aunmediated _2rdamedia |
||
| 338 |
_avolume _2rdacarrier |
||
| 490 | 1 | _aIDIOT'S GUIDES | |
| 520 | _aGetting organized starts with approaching your home and your stuff differently, with a creating mind-set, arranging what you want to keep in a better way, and passing along what you really don't need anymore. Aldred helps you clear away the clutter-- for good! | ||
| 650 | 1 | 0 | _aHome economics |
| 830 | 0 | _aIdiot’s guides. | |
| 942 |
_2ddc _cB |
||
| 999 |
_c197580 _d197580 |
||